Guidance on clarity in the MRO procedure (Record no. 121400)

MARC details
000 -LEADER
fixed length control field 01250nam a22001937a 4500
008 - FIXED-LENGTH DATA ELEMENTS--GENERAL INFORMATION
fixed length control field 230320b2023 xxk||||| ||||f00| 0 eng d
041 ## - LANGUAGE CODE
Language code of text/sound track or separate title eng
245 ## - TITLE STATEMENT
Title Guidance on clarity in the MRO procedure
Medium [Electronic resource]
260 ## - PUBLICATION INFORMATION
Publisher Pubs Code Adjudicator,
Date 17 March 2023
520 ## - ABSTRACT
Abstract Pubs Code Adjudicator statutory guidance for pub companies aims to remove barriers for tenants and ensure a fair and consistent approach to the Market Rent Only (MRO) offer. The guidance has been made under the Small Business, Enterprise and Employment Act 2015 s.61(3) and seeks to reduce the potential areas for disputes over the compliance of a MRO option, and thus the need for arbitration referrals, which can be a cumbersome and costly mechanism for resolving a dispute and a disincentive to tied tenants pursuing the MRO option. The guidance will come into effect from 1 May 2023.
650 ## - KEYWORDS
Keywords PUBLIC HOUSES
650 ## - KEYWORDS
Keywords MARKET RENT
650 ## - KEYWORDS
Keywords TIED PUBS
651 ## - SUBJECT ADDED ENTRY--GEOGRAPHIC NAME
Geographic name United Kingdom
690 ## - BROAD SUBJECT
9 (RLIN) 6227
Broad subject Commercial property
710 ## - ADDED CORPORATE NAME
Added corporate author Pubs Code Adjudicator
856 ## - ONLINE RESOURCE
Uniform Resource Identifier <a href="https://www.gov.uk/government/publications/guidance-on-clarity-in-the-mro-procedure/guidance-on-clarity-in-the-mro-procedure">https://www.gov.uk/government/publications/guidance-on-clarity-in-the-mro-procedure/guidance-on-clarity-in-the-mro-procedure</a>
Public note Available on GOV.UK
942 ## - ADDED ENTRY ELEMENTS (KOHA)
Suppress in OPAC Do not suppress in OPAC
Holdings
Lost status Damaged status Not for loan Home library Current library Shelving location Date acquired Total Checkouts Date last seen Price effective from Koha item type
      Virtual Virtual Online 20/03/2023   20/03/2023 20/03/2023 Online material